Daňová evidence a účetnictví individuálního podnikatele /

Hlavní autor: Cardová, Zdenka, 1951-
Jazyk: Čeština
Vydáno: Praha : Wolters Kluwer ČR, 2010
Vydání: 2., aktualiz. vyd.
Témata:
Externí odkaz: Digitalizovaný dokument
Fyzický popis: 158 s. ; 21 cm
Knihy
Uloženo v:
LEADER 01900nam a2200457 a 4500
001 nkc20092024462
003 CZ PrNK
005 20121206072505.0
007 ta
008 091207s2010 xr e f 001 0 cze
015 |a cnb002024462 
020 |a 978-80-7357-502-1  |q (brož.) 
035 |a (OCoLC)614274725 
040 |a BOA001  |b cze  |d ABA001 
043 |a e-xr--- 
072 7 |a 657  |x Účetnictví  |2 Konspekt  |9 4 
080 |a 657.2  |2 MRF 
080 |a 657  |2 MRF 
080 |a (437.3)  |2 MRF 
080 |a (035)  |2 MRF 
100 1 |a Cardová, Zdenka,  |d 1951-  |7 ola2003191636  |4 aut 
245 1 0 |a Daňová evidence a účetnictví individuálního podnikatele /  |c Zdenka Cardová 
250 |a 2., aktualiz. vyd. 
260 |a Praha :  |b Wolters Kluwer ČR,  |c 2010 
300 |a 158 s. ;  |c 21 cm 
500 |a "Tento text byl zpracován jako jeden z výstupů výzkumného záměru "Rozvoj finanční a účetní teorie a její aplikace v praxi z interdisciplinárního hlediska", registrační číslo MSM, RP 6138439903."--Rub tit. s. 
500 |a Právní stav pub. k 30. listopadu 2009 
504 |a Obsahuje bibliografické odkazy a rejstřík 
650 0 7 |a daňová evidence  |7 ph228446  |z Česko  |2 czenas 
650 0 7 |a účetnictví  |7 ph116911  |z Česko  |2 czenas 
650 0 9 |a tax accounting  |z Czechia  |2 eczenas 
650 0 9 |a accounting  |z Czechia  |2 eczenas 
655 7 |a příručky  |7 fd133209  |2 czenas 
655 9 |a handbooks and manuals  |2 eczenas 
856 4 1 |u http://www.digitalniknihovna.cz/mzk/uuid/uuid:76417dd0-39a8-11e4-8e0d-005056827e51  |y Digitalizovaný dokument  |x NDK 
910 2 |a BOA001  |b 2-1239.502 
990 |a BK 
995 |a 01 
991 |b 201004  |c NOV  |j 657 CAR 
996 7 |b 2610423656  |c 2-1239.502  |l MZK  |r Sklad / do 1 hodiny  |n 0  |p p.v.  |w 001113395  |u 000010  |a 1  |e BOA001  |j MZK50  |s A 
996 6 |b 2610533262  |c 2-1239.502  |l MZK  |r Sklad / do 1 hodiny  |n 16  |p kup  |w 001113395  |u 000020  |a 1  |e BOA001  |j MZK50  |s P